Amici amori (Friends & Loves) /

Saved in:
Bibliografiske detaljer
Hovedforfatter: Barbati, Claudio
Format: Bog
Sprog:engelsk
Udgivet: Milano Babilonia 1993
Tags: Tilføj Tag
Ingen Tags, Vær først til at tagge denne postø!

MARC

LEADER 00000nam a2200000 4500
001 CDOM0000001060
003 mi
005 20250925170511.0
008 250925b |||||||| |||| 00| 0 eng d
040 |c mi 
100 |a Barbati, Claudio 
245 1 |a Amici amori (Friends & Loves) /  |c Claudio Barbati 
260 |a Milano  |b Babilonia  |c 1993 
300 |a [80] p.  |c per la maggior parte foto. (col)  |c 21x24 cm. 
500 |a Contiene catalogo (n 4 - 1994) della Babilonia Edizioni. 
510 1 |a friends & loves 
942 |2 ddc  |c BK 
952 |0 0  |1 0  |2 ddc  |4 0  |6 AFT_01BARCLAMI11  |7 0  |9 8183  |a MI  |b MI  |d 2005-08-13  |i 4807  |l 0  |o AFT01-BARCL-AMI11  |p CDOM4807  |r 2025-07-17 21:50:00  |w 2025-07-17  |x ACQUISTO  |y BK 
952 |0 0  |1 0  |2 ddc  |4 0  |6 AFT_01BARCLAMI12  |7 0  |9 8184  |a MI  |b MI  |d 2005-08-13  |i 4769  |l 0  |o AFT01-BARCL-AMI12  |p CDOM4769  |r 2025-07-17 21:50:00  |w 2025-07-17  |x ACQUISTO  |y BK 
952 |0 0  |1 0  |2 ddc  |4 0  |6 AFT_01BARCLAMI13  |7 0  |9 8185  |a MI  |b MI  |d 2009-09-28  |i 5701  |l 0  |o AFT01-BARCL-AMI13  |p CDOM5701  |r 2025-07-17 21:50:00  |w 2025-07-17  |x ACQUISTO - PREZZO IN LIRE  |y BK 
999 |c 6848  |d 6848